00629cam a2200169u 4500082001500000100005100015245002300066260006500089300005200154526003700206650003400243650003100277650001300308942001200321999001900333952010700352 a692.1bGRE1 aGreenhalgh, Richard. [from old catalog]94525110aBuilding geometry, aLondon,aNew York [etc.]bSir I. Pitman & sons, ltd.,c1931. avii, 172 p.billus., fold. pl., diagrs.c19 cm. a0b0c0d692_100000000000000_GRE 0aArchitectural drawing.925520 0aGeometrical drawing.92982 0aMCE9379 2ddccBK c548979d548979 00102ddc4070aMCEbMCEd2014-09-12l1o692.1 GREpMCE-40013r2014-09-12s2014-09-12w2014-09-12yBK